<?xml version="1.0" encoding="UTF-8"?>
<record
    xmlns:xsi="http://www.w3.org/2001/XMLSchema-instance"
    xsi:schemaLocation="http://www.loc.gov/MARC21/slim http://www.loc.gov/standards/marcxml/schema/MARC21slim.xsd"
    xmlns="http://www.loc.gov/MARC21/slim">

  <leader>01510cam a2200397   4500</leader>
  <controlfield tag="001">13900</controlfield>
  <controlfield tag="003">http://catalogue.bnf.fr/ark:/12148/cb40980336h</controlfield>
  <controlfield tag="005">20250725114539.0</controlfield>
  <datafield tag="010" ind1=" " ind2=" ">
    <subfield code="a">9782915794212</subfield>
    <subfield code="d">10 EUR</subfield>
  </datafield>
  <datafield tag="020" ind1=" " ind2=" ">
    <subfield code="a">FR</subfield>
    <subfield code="b">00711060</subfield>
  </datafield>
  <datafield tag="073" ind1=" " ind2="0">
    <subfield code="a">9782915794212</subfield>
  </datafield>
  <datafield tag="090" ind1=" " ind2=" ">
    <subfield code="a">13900</subfield>
  </datafield>
  <datafield tag="099" ind1=" " ind2=" ">
    <subfield code="o">0</subfield>
  </datafield>
  <datafield tag="100" ind1=" " ind2=" ">
    <subfield code="a">20070209d2007    m  y0frey50      ba</subfield>
  </datafield>
  <datafield tag="101" ind1="0" ind2=" ">
    <subfield code="a">fre</subfield>
  </datafield>
  <datafield tag="102" ind1=" " ind2=" ">
    <subfield code="a">FR</subfield>
  </datafield>
  <datafield tag="105" ind1=" " ind2=" ">
    <subfield code="a">||||z   00|a|</subfield>
  </datafield>
  <datafield tag="181" ind1=" " ind2="0">
    <subfield code="6">01</subfield>
    <subfield code="a">i </subfield>
    <subfield code="b">xxxe  </subfield>
  </datafield>
  <datafield tag="181" ind1=" " ind2=" ">
    <subfield code="6">02</subfield>
    <subfield code="c">txt</subfield>
    <subfield code="2">rdacontent</subfield>
  </datafield>
  <datafield tag="182" ind1=" " ind2="0">
    <subfield code="6">01</subfield>
    <subfield code="a">n</subfield>
  </datafield>
  <datafield tag="182" ind1=" " ind2=" ">
    <subfield code="6">02</subfield>
    <subfield code="c">n</subfield>
    <subfield code="2">rdamedia</subfield>
  </datafield>
  <datafield tag="200" ind1="1" ind2=" ">
    <subfield code="a">Mille et une nuits th&#xE9;&#xE2;tre</subfield>
    <subfield code="b">LIVR</subfield>
    <subfield code="e">et sa suite somptueuse d'autres palais de couloirs &#xE9;tourdissants et d'animaux aveugles</subfield>
  </datafield>
  <datafield tag="210" ind1=" " ind2=" ">
    <subfield code="a">[Paris]</subfield>
    <subfield code="c">MF</subfield>
    <subfield code="d">DL 2007</subfield>
    <subfield code="e">58-Clamecy</subfield>
    <subfield code="g">Impr. Laballery</subfield>
  </datafield>
  <datafield tag="215" ind1=" " ind2=" ">
    <subfield code="a">1 vol. (72 p.)</subfield>
  </datafield>
  <datafield tag="215" ind1=" " ind2=" ">
    <subfield code="c">couv. ill.</subfield>
    <subfield code="d">18 cm</subfield>
  </datafield>
  <datafield tag="225" ind1=" " ind2=" ">
    <subfield code="a">Frictions</subfield>
  </datafield>
  <datafield tag="300" ind1=" " ind2=" ">
    <subfield code="a">Document relatif au spectacle&#xA0;: Mille et une nuits / mise en sc&#xE8;ne de David Girondin Moab. - Saint-Denis : Th&#xE9;&#xE2;tre G&#xE9;rard Philipe, 20070122</subfield>
  </datafield>
  <datafield tag="305" ind1=" " ind2=" ">
    <subfield code="a">Cr&#xE9;ation : (France) Saint-Denis, Th&#xE9;&#xE2;tre G&#xE9;rard Philippe, 20070122</subfield>
  </datafield>
  <datafield tag="410" ind1=" " ind2="0">
    <subfield code="0">40018342</subfield>
  </datafield>
  <datafield tag="410" ind1=" " ind2="0">
    <subfield code="t">Frictions (Paris. 2005)</subfield>
    <subfield code="x">1776-3746</subfield>
    <subfield code="d">2007</subfield>
  </datafield>
  <datafield tag="620" ind1="2" ind2=" ">
    <subfield code="a">France</subfield>
    <subfield code="d">Saint-Denis</subfield>
    <subfield code="e">Th&#xE9;&#xE2;tre G&#xE9;rard Philippe</subfield>
    <subfield code="f">20070122</subfield>
  </datafield>
  <datafield tag="676" ind1=" " ind2=" ">
    <subfield code="a">842.92 (oeuvre)</subfield>
    <subfield code="v">23</subfield>
  </datafield>
  <datafield tag="686" ind1=" " ind2=" ">
    <subfield code="a">802</subfield>
    <subfield code="2">Cadre de classement de la Bibliographie nationale fran&#xE7;aise</subfield>
  </datafield>
  <datafield tag="700" ind1=" " ind2=" ">
    <subfield code="a">Raynaud</subfield>
    <subfield code="b">Bertrand</subfield>
    <subfield code="f">1971-....</subfield>
  </datafield>
  <datafield tag="700" ind1=" " ind2=" ">
    <subfield code="3">14570873</subfield>
    <subfield code="o">ISNI0000000372043977</subfield>
    <subfield code="4">070</subfield>
  </datafield>
  <datafield tag="801" ind1=" " ind2="0">
    <subfield code="a">FR</subfield>
    <subfield code="b">FR-751131015</subfield>
    <subfield code="c">20070209</subfield>
    <subfield code="g">AFNOR</subfield>
    <subfield code="h">FRBNF409803360000007</subfield>
  </datafield>
  <datafield tag="995" ind1=" " ind2=" ">
    <subfield code="2">0</subfield>
    <subfield code="5">2025-07-25</subfield>
    <subfield code="9">13788</subfield>
    <subfield code="c">JOL</subfield>
    <subfield code="f">JOL-003609</subfield>
    <subfield code="k">TH RAY</subfield>
    <subfield code="o">0</subfield>
    <subfield code="b">JOL</subfield>
    <subfield code="r">LIVR</subfield>
  </datafield>
</record>
